Managerial planning with linear programming : in process industry operations /
Guardado en:
| Autor Principal: | |
|---|---|
| Otros Autores: | , |
| Formato: | Libro |
| Idioma: | English |
| Publicado: |
New York :
John Wiley & Sons,
c1978.
|
| Materias: | |
| Etiquetas: |
Agregar Etiqueta
Sin Etiquetas, Sea el primero en etiquetar este registro!
|
| LEADER | 00890nam a22002295 4500 | ||
|---|---|---|---|
| 001 | EAD.ead003021 | ||
| 008 | 080718s1978####xxu######b####001#0#eng#d | ||
| 005 | 20111102103445.0 | ||
| 245 | 1 | 0 | |a Managerial planning with linear programming : |b in process industry operations / |c Julius S. Aronofsky, John M. Dutton, Michael T. Tayyabkhan. |
| 260 | |a New York : |b John Wiley & Sons, |c c1978. | ||
| 300 | |a xiii, 379 p. ; |c 24 cm. | ||
| 500 | |a "A Wiley-Interscience Publication". | ||
| 504 | |a Incluye referencias bibliográficas e índice. | ||
| 020 | |a 047103360X | ||
| 100 | 1 | |a Aronofsky, Julius S. | |
| 700 | 1 | |a Dutton, John M., |d 1926- | |
| 700 | 1 | |a Tayyabkhan, Michael T. | |
| 082 | 0 | 4 | |a 658.5 |2 21 |
| 653 | |a Administración de operaciones | ||
| 650 | 7 | |a Programación lineal. |2 unbist | |
| 650 | 7 | |a Planificación empresarial. |2 unbist | |
| 859 | |a AR-BaBDC |b BIB. ADMINISTRACION - Libros |h 658.5 |i Ar67 |p b01021 | ||
